[Event "Ubeda op 5th"]
[Site "Ubeda"]
[Date "2000.01.23"]
[Round "5"]
[White "Maharramzade, Javad"]
[Black "Stocek, Jiri"]
[Result "1-0"]
[WhiteElo "2423"]
[BlackElo "2496"]
[Annotator "Blatny,P"]
[PlyCount "95"]
[EventDate "2000.01.19"]
[EventType "swiss"]
[EventRounds "10"]
[EventCountry "ESP"]
[SourceTitle "CBM 075"]
[Source "ChessBase"]
[SourceDate "2000.04.05"]
[SourceVersion "1"]
[SourceVersionDate "2000.04.05"]
[SourceQuality "1"]

{[%mdl 64]} 1. d4 Nf6 2. Nf3 b6 3. c4 Bb7 {[%cal Rb7h1]} 4. g3 {[%cal Gf1g2,
Gg2a8]} c5 5. d5 {[+]} b5 {Introducing Wolga Gambit ideas. However, the pawn
a7 blocks the line a1-a8.} 6. Bg2 g6 (6... bxc4 7. Nc3 {/\Nd2-c4}) 7. O-O Bg7
8. Nfd2 bxc4 9. Nxc4 {()} O-O 10. Nc3 d6 11. Re1 Ba6 12. Na3 (12. Ne3 Nbd7 13.
Qc2 Rb8 14. Rb1 e5 15. b3 Nb6 16. Nf1 Nh5 17. e4 f5 18. exf5 gxf5 19. Bb2 Qg5
$36 {Hulak,K-Timman,J/Sarajevo 1984/MCD/0-1 (73)}) 12... Nbd7 13. Nab5 {
Blocking the diagonal a6-f1 and fixing the space advantage.} (13. Bf4 Rb8 $13)
(13. b3 Ne4 $1 $17) 13... Nb6 14. a4 {[%cal Ga4a5,Ga5b6,Ga1a3,Ga3b3,Gb3b6]} Qd7
{קa7,/\Rab8} 15. e4 Rab8 16. Bf1 {White pawns occupy the centre, so the
bishop g2 may search a preferable position.} Ne8 17. Bf4 Nc7 18. Qd2 Nxa4 $5 (
18... Nxb5 19. axb5 Bc8 $14 {<->a}) 19. Nxc7 $5 (19. Rxa4 $5 Bxb5 20. Rxa7 Bxf1
21. Rxf1 $13) 19... Rxb2 (19... Bxf1 20. Rxa4 Bxc3 21. Qxc3 Qxa4 22. Bh6 Qd4
23. Bxf8 Kxf8 24. Qxd4 cxd4 25. Kxf1 Rxb2 $16) 20. Qc1 Bxf1 (20... Bxc3 $5 21.
Nxa6 Bxe1 22. Qxe1 Rb7 23. Qa5 $13) 21. Nxa4 Rb4 22. Nc3 (22. Rxf1 $6 Bxa1 23.
Nxc5 Qxc7 (23... dxc5 $6 24. Qxa1 g5 25. Bxg5 (25. Be5 Rxe4 $15) 25... Qxc7 26.
Bh6 f6 (26... Rd4 27. Bxf8 Kxf8 28. Rc1 $13) 27. Bxf8 Kxf8 $13) 24. Qxa1 Qxc5
25. Bh6 f6 26. Bxf8 Kxf8 27. Rc1 Qb6 $17) 22... Bh3 23. Rxa7 (23. N7b5 $5 Ra8
24. Ra5 $13) 23... Qg4 24. Re3 g5 $6 (24... Bd4 $1 $17) 25. f3 Qc8 (25... Qh5
$142 26. g4 Qg6 $132) 26. Bxg5 Qb8 27. N3b5 Bd4 28. Ra8 (28. Kh1 $2 Bxe3 29.
Bxe3 Rxb5 30. Nxb5 Qxb5 31. Bh6 f6 {/\Qd2-f3->}) 28... Qxa8 $5 (28... Qb7 $5)
29. Nxa8 Rxb5 30. Nc7 Ra5 (30... Rb2 31. Qxb2 (31. Bxe7 Rfb8 32. Bg5 Rg2+ 33.
Kh1 Rbb2 34. Qxb2 Rxb2 $19) 31... Bxb2 32. Rb3 (32. Bxe7 $143 Bd4 33. Kf2 Rb8
$19) 32... Bd4+ 33. Kh1 $132) 31. g4 (31. Kh1 Ra1 32. Qxa1 Bxa1 33. Ra3 $11 (
33. Bxe7 $2 Rb8 34. Kg1 Bd4 $19)) 31... Ra2 $6 (31... Rc8 32. Qb1 Ra1 (32...
Bxe3+ 33. Bxe3 Ra7 34. Bh6 {ע,B}) 33. Qxa1 Bxa1 34. Nb5 Rb8 35. Ra3 Be5 $13)
32. Nb5 (32. Bxe7 Rb8 33. Bg5 Rbb2 $40) 32... Ra1 $2 (32... Bxe3+ $142 33. Qxe3
Rfa8 34. Bh4 (34. Bxe7 $4 Rg2+ 35. Kf1 Rb2+ 36. Ke1 Ra1+ 37. Qc1 Rxc1#) 34...
Rg2+ 35. Kh1 Ra1+ 36. Be1 Rc2 37. Kg1 Rg2+ $11 (37... h6 $5)) 33. Qxa1 Bxa1 34.
Ra3 {/\Be7} Be5 (34... f6 35. Bh6 Rb8 36. Rxa1 Rxb5 37. Kf2 $18) 35. f4 $1 {
[%csl Ge5,Gh3][%cal Ga3h3,Gf4e5]} f6 36. fxe5 Bxg4 (36... fxg5 37. Rxh3 dxe5
$18) 37. exf6 exf6 38. Bf4 (38. Bh6 $142 $18) 38... Rb8 39. Rg3 $18 h5 (39...
Rxb5 40. Rxg4+ Kf7 41. Bxd6 $18) 40. h3 (40. Nc3 Kf7 41. Bxd6 Rc8 $18) 40...
Rxb5 41. hxg4 hxg4 42. Rxg4+ Kf7 43. Bxd6 c4 44. Rg3 Ke8 45. Rc3 f5 46. Rxc4
fxe4 47. Bc5 e3 48. Kf1 {קe3+-} 1-0

[Event "ISR-chT"]
[Site "Ramat Aviv"]
[Date "2000.03.31"]
[Round "8.1"]
[White "Avrukh, Boris"]
[Black "Kudischewitsch, David"]
[Result "1-0"]
[WhiteElo "2620"]
[BlackElo "2407"]
[Annotator "Blatny,P"]
[PlyCount "43"]
[EventDate "2000.01.14"]
[EventType "team"]
[EventRounds "11"]
[EventCountry "ISR"]
[SourceTitle "CBM 077"]
[Source "ChessBase"]
[SourceDate "2000.07.27"]
[SourceVersion "1"]
[SourceVersionDate "2000.07.27"]
[SourceQuality "1"]
[WhiteTeam "Beer Sheva"]
[BlackTeam "Netanya"]
[WhiteTeamCountry "ISR"]
[BlackTeamCountry "ISR"]

1. d4 Nf6 2. c4 c6 3. Nc3 Qa5 (3... e6 4. e4 (4. Bf4 Bb4 5. Qc2 O-O 6. e3 d5 7.
a3 Bxc3+ 8. bxc3 b6 9. cxd5 exd5 10. Bd3 Re8 11. Nf3 Nbd7 12. Ne5 Nxe5 13. Bxe5
h6 14. h3 c5 15. O-O a5 $6 16. Rab1 Ba6 17. Bb5 Kh8 $2 (17... Bxb5 $142) 18.
Bxe8 Bxf1 19. Bc6 $18 {1-0 Gregoire,S-Michel,F/NI Jeune Sautron 1999/
[AVIGNON-GUINGAMP] (25)}) 4... Bb4 5. Bd3 d5 6. e5 dxc4 7. Bxc4 Nd5 8. Nge2 Nd7
9. O-O N7b6 10. Bb3 O-O 11. Bc2 Bxc3 12. bxc3 Nc4 $4 13. Qd3 $18 {[%csl Gc4]
[%cal Gd3h7,Gd3c4,Gc2d3] 1-0 Filip,M-Hobson,R/Skopje ol (Men) prel 1972/EXT
2000}) 4. Bd2 e5 $6 (4... Qb6 $6 5. Nf3 $32 Qxb2 6. Rb1 Qa3 7. e4 Qa5 8. e5 Ng4
9. Bd3 Qd8 10. Ng5 d6 11. e6 Nh6 12. exf7+ Nxf7 13. Qh5 g6 14. Bxg6 hxg6 15.
Qxg6 Rh6 16. Qxf7+ Kd7 17. Nh7 $18 {1-0 Nimzo '99-EXchess 2.51/big_blitz II
1998/Fritz Engine Tournament (26)}) 5. dxe5 Qxe5 {ף[+]} (5... Ng4 6. Nf3 Nxe5
{[%cal Gd2a5,Gf3e5]}) 6. Nf3 (6. g3 Bc5 7. Bg2 Qd4 $5) 6... Qe6 7. e3 (7. g3 $2
Qxc4) 7... g6 (7... Be7 {[%csl Re6][%cal Gf3d4,Gd4e6]}) 8. Bd3 (8. Be2 {
/\Nd4, Bf3}) 8... Na6 9. O-O (9. Nd4 Qe7 {/\Bg7, 0-0}) 9... Bg7 10. e4 d6 {
[%csl Rc4,Gd6,Re4][%cal Re6e4,Re6c4,Gd1d6]} 11. Re1 $14 O-O 12. Bf1 {<->d} Ng4
13. h3 Ne5 14. Nd4 Qe7 15. Be3 {()} f5 $6 (15... Nc5 16. Qd2 $14) 16. f4 $1 $16
Nd7 (16... Nf7 17. exf5 gxf5 18. Qh5 $16) (16... c5 $6 17. Ndb5 (17. Nd5 Qd8
18. Nb5 Nc6 $132) 17... Nf7 18. exf5 Bxf5 19. Bxc5 $18) 17. exf5 gxf5 18. Bf2
$1 Qf7 (18... Qf6 19. Ne6 Re8 (19... Rf7 20. Bd4 Qg6 21. Nxg7 Rxg7 22. Bxg7
Kxg7 23. Qd4+ $18) 20. Bd4 Qxe6 21. Rxe6 Rxe6 22. Bxg7 Kxg7 23. Qh5 $18) 19.
Ne6 Bxc3 20. bxc3 Re8 21. Qxd6 Nf6 $4 {[%mdl 8192]} (21... Qg6 $142 22. Rad1
Nf8 23. Nxf8 Qxd6 24. Rxd6 Rxe1 25. Bxe1 Kxf8 26. Bf2 $16) 22. Ng5 (22. Ng5
Rxe1 (22... Qf8 23. Qxf6 Qxf6 24. Rxe8+ Kg7 25. Bd4 $18) 23. Nxf7 Rxf1+ 24.
Rxf1 Kxf7 25. Re1 $18) 1-0

[Event "FRA-chT Top 12"]
[Site "Saint Quentin"]
[Date "2014.05.27"]
[Round "4.4"]
[White "Ragger, Markus"]
[Black "Moussard, Jules"]
[Result "1-0"]
[WhiteElo "2632"]
[BlackElo "2440"]
[Annotator "CB"]
[PlyCount "131"]
[EventDate "2014.05.24"]
[EventType "team-tourn"]
[EventRounds "11"]
[EventCountry "FRA"]
[SourceTitle "CBM 160 Extra"]
[Source "ChessBase"]
[SourceDate "2014.07.01"]
[SourceVersion "1"]
[SourceVersionDate "2014.07.01"]
[SourceQuality "1"]
[WhiteTeam "Bischwiller"]
[BlackTeam "Evry Grand Roque"]
[WhiteTeamCountry "FRA"]
[BlackTeamCountry "FRA"]

1. d4 Nf6 2. c4 b6 3. Nc3 ({Weniger prinzipiell wäre} 3. Nf3 {mit Übergang
in die Damenindische Verteidigung.}) 3... Bb7 4. Qc2 d5 (4... e6 5. e4 Bb4 6.
Bd3 c5 7. d5 $14) 5. cxd5 Nxd5 6. Nf3 e6 7. e4 ({Nach} 7. a3 {ergäbe sich
eine bekannt Position aus der Petrosian-Variante der Damenindischen
Verteidigung. Weiß hat also in der Partie ein Tempo mehr.}) 7... Nxc3 8. bxc3
Be7 9. Bb5+ c6 10. Bd3 Nd7 (10... c5 11. O-O O-O 12. d5 $1 $16) 11. O-O O-O ({
Die Stammpartie verlief so:} 11... Qc7 12. Bb2 O-O 13. Rfd1 Rfd8 14. Qe2 Nf8
15. Ne5 f6 16. Ng4 c5 17. f4 Rac8 18. a3 Kh8 19. Ne3 Bd6 20. Qg4 cxd4 21. cxd4
Qe7 22. Rf1 Bc5 23. Nc2 e5 24. fxe5 fxe5 25. Bc4 Bxd4+ 26. Nxd4 Rxc4 27. Nf5
Qc7 28. Rac1 Ng6 29. Qg5 Re8 30. h4 Bxe4 31. Rxc4 Qxc4 32. h5 Bxf5 33. Rxf5 Qb5
34. Rf2 Nf4 35. h6 Ng6 36. hxg7+ Kxg7 37. Qf6+ Kg8 38. Qf7+ Kh8 39. Qf6+ Kg8
40. Qf7+ Kh8 41. Qf6+ {1/2-1/2 (41) Saemisch,F-Hromadka,K Trencianske Teplice
1928}) 12. Bf4 $14 ({Die abweichung vom Vorgänger} 12. c4 Re8 13. a4 c5 14. d5
e5 15. Bb2 Bd6 16. Rfb1 a5 17. Bc3 Bc8 18. Qb2 Qe7 19. Nd2 f6 20. Be2 Bc7 21.
Bg4 Ba6 22. Qb3 Kh8 23. Nf1 g6 24. Ne3 Rf8 25. d6 Bxd6 26. Nd5 Qf7 27. Bxd7
Qxd7 28. Nxb6 Qf7 29. Nxa8 Rxa8 30. Bxa5 Bxc4 31. Qc3 Ba6 32. Bb6 Rc8 33. a5 g5
34. Rd1 Rc6 35. Rd5 c4 36. Rad1 Qe7 37. g3 Bc8 38. Kg2 Bb4 39. Qa1 c3 40. Qa4
Rc4 41. Rd8+ Kg7 42. R1d7 Bxd7 43. Qxd7 {1/2-1/2 (43) Sitnik,I (2225)-Kolar,S 
(2180) Bled 1997}) 12... g6 (12... c5 13. d5) 13. Rad1 b5 {Schwarz geht schon
die Luft aus.} 14. Qd2 Qa5 15. Bh6 Rfd8 16. Ng5 ({Gleich} 16. Qf4 {war wohl
genauer.}) 16... e5 17. Qc2 (17. Be2 $5 {mit der Idee} c5 18. d5 c4 19. f4)
17... Qa3 (17... c5 $1 18. d5 c4 19. Be2 Nc5 $11 20. f4 exf4 21. Rxf4 f6) 18.
f4 exd4 19. e5 $5 {e6 und Lxg6 kommt in Sicht.} (19. cxd4 Nf6 {mit der Idee}
20. Z0 Ng4) 19... Qxc3 20. Qe2 $6 (20. e6 Qxc2 (20... fxe6 21. Qe2 $18) 21.
Bxc2 fxe6 22. Nxe6 c5 23. Nxd8 Rxd8 $13) (20. Qf2 $5 Nc5 (20... Bxg5 21. fxg5
Rf8 22. Be2 $1 $18) 21. Qg3 Nxd3 22. Rxd3 Qc2 23. Nxf7 Kxf7 24. f5 $18) 20...
Nc5 $2 ({Richtig war} 20... Bxg5 21. Bxg5 (21. fxg5 Re8 22. Qf3 Re7 $15) 21...
Re8 $13) 21. Nxf7 $1 Kxf7 22. f5 Ke8 (22... Nxd3 23. Rxd3 Qc5 24. Qg4 $18) 23.
e6 $18 {Der weiße Angriff ist unwiderstehlich.} Rd5 24. f6 Bf8 25. e7 ({
"Maschinell" war} 25. Bg5 Rxg5 26. e7 Bh6 27. f7+ Kd7 28. e8=Q+ Kc7 29. Q8e7+
Nd7 30. f8=Q {mit noch größerer Beute.}) 25... Bxh6 26. f7+ Kd7 27. e8=Q+ Kc7
28. Q8e7+ Nd7 {Weiß hat jetzt eine Extradame für zwei Leichtfiguren und zwei
Bauern. Die Position ist aber noch unübersichtlich, so dass Schwarz sich zum
Weiterspielen ermutigt sah.} 29. Qh4 Be3+ 30. Kh1 Qc5 31. Be4 $6 (31. Qee1 $5
a5 32. Qxh7 $18) 31... Rg5 ({Besser war} 31... Rh5 32. Qg3+ Ne5) 32. Rf3 (32.
Qxh7 Rf8 33. Bxg6 $18) 32... Rf8 33. Rxe3 dxe3 34. Qf4+ Re5 35. Qb2 $2 ({
Besser war} 35. Qd3 {aber die Sache ist noch nicht erledigt.}) 35... e2 (35...
Qc4 $1 {mit der Drohung Txf7 und Tf1 wäre sehr unangenehm gewesen.}) 36. Qxe2
g5 37. Qff3 ({Auch nach} 37. Rxd7+ Kxd7 38. Bxc6+ Qxc6 39. Qfxe5 Qc1+ 40. Qe1
Qxe1+ 41. Qxe1 Rxf7 42. Qd2+ Kc6 {wird Weiß kaum gewinnen.}) 37... Qe7 38. Qg3
Rxf7 39. Qd2 Rf4 $11 {Schwarz hat ausgeglichen.} 40. Bf3 $6 (40. Qgd3 Rfxe4 41.
Qxd7+ Qxd7 42. Qxd7+ Kb6 43. h3 Re1+ 44. Rxe1 Rxe1+ 45. Kh2 Re2 $11) 40... b4
41. h3 (41. Kg1 $15) 41... a5 42. Qgf2 $2 (42. Qb2 $15) 42... Nc5 (42... c5 $5)
43. Qc2 Ne4 44. Qa7 Ng3+ 45. Kh2 $2 (45. Kg1 Re1+ 46. Kh2 Nf1+ 47. Kh1 Nd2+ 48.
Rxe1 Qxe1+ 49. Qg1 Qxg1+ 50. Kxg1 Nxf3+ 51. gxf3 Rxf3 52. Qxh7+ $15 {Weiß
muss und kann ums Remis kämpfen.}) 45... Rxf3 $19 {Nun steht schwarz mit
einem Mal auf Gewinn.} 46. Qc4 (46. gxf3 Re2+ $19) 46... Rff5 47. Qcd4 $2 (47.
Kxg3 Re1 48. Rxe1 Qd6+ $19) ({Zäher war} 47. Qg8 Rf8 48. Rd7+ Qxd7 49. Qxf8
Re8 50. Qxa5+ Kc8 51. Qf3 $19) 47... Rd5 $2 (47... Rb5 $19) 48. Re1 Ne4 (48...
Qd6 49. Qdb6+ Kd7 50. Qaxb7+ {nebst Matt.}) 49. Qab6+ (49. Qxe4 Qd6+ 50. Kg1
Rde5 51. Qb1 Rxe1+ 52. Qxe1 Re5 $11) 49... Kb8 50. Qa7+ Kc7 (50... Kc8 $5 51.
Qxe4 Qd6+ 52. Kg1 Rde5 53. Qb1 c5 $17) 51. Qab6+ Kc8 52. Qxe4 Rfe5 ({Besser war
} 52... Qd6+ 53. Kh1 Rfe5 54. Qg4+ Kb8 $15) 53. Qg4+ Kb8 54. Qg3 Kc8 55. Qg4+
Kb8 56. Qg3 Kc8 57. Rf1 {Weiß will noch weiter spielen.} Rb5 (57... h6 $11) (
57... Rf5 $11) 58. Qa7 h5 (58... Rbd5 $11) 59. h4 g4 60. Qd4 ({Nur Computer
finden} 60. Qaf2 $1 $18 {zum Besipiel:} Qd7 61. Qf7 Re8 62. Qxd7+ Kxd7 63. Rf6
Re6 64. Rf8 Re8 65. Qd3+ Rd5 66. Rf7+ Re7 67. Rxe7+ Kxe7 68. Qh7+ $18) 60... a4
$2 (60... Rbd5 $11) 61. Qdf4 $16 Ba6 (61... b3 62. Qf8+ Qxf8 63. Rxf8+ Kc7 64.
Re8 Kd6 65. axb3 axb3 66. Qf4 b2 67. Qf6+ $18) (61... Kd7 $5) 62. Qc4 (62. Qf8+
Qxf8 63. Rxf8+ Kb7 64. Qf2 $18) 62... Qd6 63. Qf7 (63. Rf5 $18) 63... Bb7 $2 ({
Zäher war} 63... Qd8 64. Qa7 Bb7 65. Rf7 Qd6 66. Qf4 $18) 64. Rf6 (64. Qg7 $1
$18) 64... Qd4 (64... Qd7 65. Qg6 $18) 65. Re6 Rxe6 66. Qfc7# 1-0

[Event "Podolsk"]
[Site "Podolsk"]
[Date "1992.??.??"]
[Round "?"]
[White "Makarov, Marat"]
[Black "Vyzmanavin, Alexey"]
[Result "1-0"]
[WhiteElo "2510"]
[BlackElo "2580"]
[Annotator "ChessBase"]
[PlyCount "71"]
[EventDate "1992.12.??"]
[EventType "tourn"]
[EventRounds "11"]
[EventCountry "RUS"]
[EventCategory "11"]
[SourceTitle "CBM 033"]
[Source "ChessBase"]
[SourceDate "1993.04.01"]
[SourceVersion "1"]
[SourceVersionDate "1993.04.01"]
[SourceQuality "1"]

1. Nf3 Nf6 2. c4 e6 3. g3 b6 4. Bg2 Bb7 5. O-O g6 6. Nc3 Bg7 7. Re1 (7. d4 {
-> E 15}) 7... d5 8. cxd5 Nxd5 9. Nxd5 exd5 (9... Bxd5 10. e4 Bb7 11. d4 $14)
10. d4 O-O 11. Bf4 c5 (11... Nd7 12. Rc1 $14) 12. dxc5 bxc5 13. Qb3 Qb6 14. Nd2
$1 $14 c4 15. Qxb6 axb6 16. Nxc4 dxc4 17. Bxb7 Ra4 18. Bd5 Bxb2 19. Rab1 Bd4 (
19... c3 20. Bc1 $1 $16) 20. Rec1 c3 21. e3 Bg7 22. Rxb6 Nd7 23. Rc6 Ra5 24.
Bb3 Rc5 25. Ra6 Ne5 26. Bxe5 Bxe5 27. Ra7 $16 Bc7 28. Rd1 (28. Kg2 $1) 28...
Rc8 29. Rc1 c2 30. a4 (30. Rxc2 $2 Rxc2 31. Bxc2 Bb6 32. Rb7 Rxc2 33. Rxb6 Rxa2
$14) 30... Kg7 31. Kg2 g5 32. Rxc2 Rxc2 33. Bxc2 Bxg3 34. Bb3 Rc7 (34... Bc7
35. a5 Kf6 36. a6 $18) 35. Ra5 Bh4 36. Rf5 (36. Rf5 Kg6 37. Rxf7 Rxf7 38. Bxf7+
Kxf7 39. a5 g4 40. a6 Bd8 41. a7 $18) 1-0

[Event "Khanty-Mansiysk FIDE GP (Women)"]
[Site "Khanty-Mansiysk"]
[Date "2014.04.15"]
[Round "6"]
[White "Stefanova, Antoaneta"]
[Black "Hou, Yifan"]
[Result "1/2-1/2"]
[WhiteElo "2489"]
[BlackElo "2618"]
[Annotator "ChessBase Website"]
[PlyCount "119"]
[EventDate "2014.04.09"]
[EventType "tourn"]
[EventRounds "11"]
[EventCountry "RUS"]
[EventCategory "10"]
[SourceTitle "CBM 160"]
[Source "ChessBase"]
[SourceDate "2014.05.15"]
[SourceVersion "1"]
[SourceVersionDate "2014.05.15"]
[SourceQuality "1"]
[TimeControl "40/5400+30:1800+30"]
[WhiteClock "1:30:00"]
[BlackClock "1:30:00"]

1. d4 {[%emt 0:00:00]} e6 {[%emt 0:00:00]} 2. c4 {[%emt 0:00:00]} b6 {[%emt 0:
00:00]} 3. a3 {[%emt 0:04:27]} Bb7 {[%emt 0:01:40]} 4. Nc3 {[%emt 0:02:49]} Nf6
{[%emt 0:00:48]} 5. d5 {[%emt 0:01:31]} Bd6 {[%emt 0:03:19]} 6. Nf3 {[%emt 0:
05:43]} O-O {[%emt 0:01:06]} 7. g3 {[%emt 0:03:01]} c6 {[%emt 0:10:09]} (7...
Ba6 8. dxe6 dxe6 9. Nb5 Bb7 10. Bg2 a6 11. Nxd6 cxd6 12. Bg5 Nc6 13. O-O Rc8
14. b4 h6 15. Bh4 Qe7 16. Qd2 Rfd8 17. Qe3 Rb8 18. Bxf6 Qxf6 19. Rad1 Ne7 20.
Rd2 Ng6 21. Rfd1 Bxf3 22. exf3 Ne5 23. Rd4 b5 24. cxb5 axb5 25. Rxd6 Rxd6 26.
Rxd6 Nc4 27. Qa7 Qa1+ 28. Bf1 Rc8 29. Rd3 Ne5 30. Re3 Rc1 31. Qb8+ Kh7 32. Qxb5
Nc4 33. Re1 Rxe1 34. Qxc4 Qxa3 35. Kg2 Qc1 36. Qd3+ f5 37. b5 {Gupta,A (2630)
-Kotsur,P (2557) Dubai 2014 1-0}) 8. Bg2 {[%emt 0:02:55]} cxd5 {[%emt 0:04:51]}
9. cxd5 {[%emt 0:02:20]} exd5 {[%emt 0:01:18]} 10. Nh4 {[%emt 0:04:55]} Be5 {
[%emt 0:08:42]} 11. Nxd5 {[%emt 0:01:20]} Nxd5 {[%emt 0:00:07]} 12. Bxd5 {
[%emt 0:00:05]} Bxd5 {[%emt 0:00:28]} 13. Qxd5 {[%emt 0:00:07]} Nc6 {[%emt 0:
00:05]} 14. Nf3 {[%emt 0:13:58]} Bf6 {[%emt 0:02:28]} 15. O-O $146 {[%emt 0:10:
20]} (15. Bg5 Re8 16. Rd1 Qe7 17. Rd2 h6 18. Bxf6 Qxf6 19. O-O Re6 20. Kg2 Rae8
21. e3 R8e7 22. Rfd1 g5 23. h3 Re4 24. b4 a6 25. Rc1 b5 26. Rc5 Kg7 27. Qd3 Rc4
28. Qd5 Rxc5 29. Qxc5 Qe6 30. Nd4 Nxd4 31. Qxd4+ f6 32. Rc2 Kf7 33. Rc5 Qe4+
34. Qxe4 Rxe4 35. Kf3 Re6 36. Rd5 Ke7 37. Kg4 Rc6 38. Rd3 Rc2 39. f4 Rg2 40. h4
gxh4 41. Kxh4 f5 42. Kh3 Rg1 43. Kh2 Re1 44. Kg2 Ke6 {Neunhoeffer,H (2284)
-Gellendin,I Germany 2008 1/2-1/2}) 15... Re8 {[%emt 0:00:13]} 16. Re1 {
[%emt 0:07:22]} Rc8 {[%emt 0:13:21]} 17. Bg5 {[%emt 0:07:04]} Bxg5 {[%emt 0:01:
24]} 18. Nxg5 {[%emt 0:01:09]} Qf6 {[%emt 0:11:52][%csl Rf6,Rf7] Probably the
worst position Hou Yifan has had all tournament, she found herself in a
slightly uncomfortable endgame as her isolated pawn was a minor weakness.
However it wasn't easy to exploit and the game ended in a drawn king endgame.}
19. Ne4 {[%emt 0:04:08]} Qe6 {[%emt 0:00:21]} 20. Qxe6 {[%emt 0:03:03]} Rxe6 {
[%emt 0:03:30]} 21. Nc3 {[%emt 0:01:15]} g6 {[%emt 0:00:56]} 22. Red1 {[%emt 0:
08:27]} Ne5 {[%emt 0:01:28]} 23. Rab1 {[%emt 0:01:04]} a6 {[%emt 0:06:04]} 24.
Kg2 {[%emt 0:03:42]} Kf8 {[%emt 0:05:20]} 25. e3 {[%emt 0:01:45]} Nc4 {[%emt 0:
02:10]} 26. Ne2 {[%emt 0:01:23]} Rd6 {[%emt 0:03:28]} 27. Nd4 {[%emt 0:01:31]}
Rc5 {[%emt 0:00:18]} 28. a4 {[%emt 0:02:03]} Ne5 {[%emt 0:00:46]} 29. b4 {
[%emt 0:02:22]} Rc4 {[%emt 0:00:55]} 30. Rdc1 {[%emt 0:00:56]} Rxc1 {[%emt 0:
00:09]} 31. Rxc1 {[%emt 0:00:01]} Nc6 {[%emt 0:00:06]} 32. Rc4 {[%emt 0:01:52]}
Nxd4 {[%emt 0:00:59]} 33. Rxd4 {[%emt 0:00:14]} Rxd4 {[%emt 0:01:24]} 34. exd4
{[%emt 0:00:01]} Ke7 {[%emt 0:00:16]} 35. Kf3 {[%emt 0:00:17]} Ke6 {[%emt 0:00:
56]} 36. Ke4 {[%emt 0:01:45]} f5+ {[%emt 0:01:50]} 37. Kd3 {[%emt 0:01:50]} g5
{[%emt 0:14:11]} 38. h3 {[%emt 0:01:10]} h5 {[%emt 0:00:11]} 39. Kc4 {[%emt 0:
00:22]} g4 {[%emt 0:00:35]} 40. hxg4 {[%emt 0:00:00]} hxg4 {[%emt 0:00:00]} 41.
a5 {[%emt 0:09:39]} bxa5 {[%emt 0:05:31]} 42. bxa5 {[%emt 0:00:03]} Kd6 {
[%emt 0:02:05]} 43. d5 {[%emt 0:17:26]} Ke5 {[%emt 0:03:53]} 44. Kc5 {[%emt 0:
00:04]} Ke4 {[%emt 0:01:07]} 45. Kd6 {[%emt 0:00:15]} Kd4 {[%emt 0:01:27]} 46.
Kxd7 {[%emt 0:00:08]} Kxd5 {[%emt 0:00:03]} 47. Ke7 {[%emt 0:00:06]} f4 {
[%emt 0:04:35]} 48. Kf6 {[%emt 0:02:52]} fxg3 {[%emt 0:00:27]} 49. fxg3 {
[%emt 0:00:01]} Kc5 {[%emt 0:00:05]} 50. Kf5 {[%emt 0:00:07]} Kb5 {[%emt 0:00:
03]} 51. Kxg4 {[%emt 0:00:05]} Kxa5 {[%emt 0:00:04]} 52. Kf5 {[%emt 0:01:42]}
Kb4 {[%emt 0:00:13]} 53. g4 {[%emt 0:01:12]} a5 {[%emt 0:00:03]} 54. g5 {
[%emt 0:00:05]} a4 {[%emt 0:00:03]} 55. g6 {[%emt 0:00:03]} a3 {[%emt 0:00:03]}
56. g7 {[%emt 0:00:03]} a2 {[%emt 0:00:04]} 57. g8=Q {[%emt 0:00:04]} a1=Q {
[%emt 0:00:07]} 58. Qb8+ {[%emt 0:00:04]} Ka3 {[%emt 0:00:07]} 59. Qa7+ {
[%emt 0:00:05]} Kb2 {[%emt 0:00:03]} 60. Qxa1+ {[%emt 0:00:03]} 1/2-1/2

[Event "ESP-chT CECLUB Honor"]
[Site "Linares"]
[Date "2013.09.08"]
[Round "1.4"]
[White "Franco Alonso, Alejandro"]
[Black "Edouard, Romain"]
[Result "0-1"]
[WhiteElo "2483"]
[BlackElo "2665"]
[Annotator "Edouard,R"]
[PlyCount "60"]
[EventDate "2013.09.08"]
[EventType "team-tourn"]
[EventRounds "7"]
[EventCountry "ESP"]
[SourceTitle "CBM 157"]
[Source "ChessBase"]
[SourceDate "2013.11.12"]
[SourceVersion "1"]
[SourceVersionDate "2013.11.12"]
[SourceQuality "1"]
[WhiteTeam "Taldea Gros Xake"]
[BlackTeam "Sestao"]
[WhiteTeamCountry "ESP"]
[BlackTeamCountry "ESP"]

1. d4 Nf6 2. c4 b6 {I don't dare to award a "!?" mark to that move, but let's
say I have won couple of games with it, and it is not as bad as most people
think.} 3. Nc3 Bb7 4. d5 (4. Qc2 $5 {is one of the most critical lines. I
don't think the text-move poses Black real problems.}) 4... e6 5. a3 Bd6 6. Nf3
O-O 7. e4 ({I had already won a game after} 7. g3 Ba6 $5 {which is also
unclear (but defnitely not worse for Black, I think).}) 7... exd5 8. exd5 c6 $1
(8... Na6 9. Be2 c6 10. Bg5 Re8 11. O-O h6 12. Bh4 cxd5 13. Nxd5 Bxd5 14. cxd5
Nc5 15. b4 Nce4 16. Ba6 {was a bit dangerous for Black in: 1-0 (42) Navara,D 
(2691)-Dizdarevic,E (2499) TUR 2012}) 9. Bg5 (9. Be2 {is probably better,
while I was considering to go} h6 $5 {followed by ...Na6.}) 9... h6 10. Bh4
cxd5 11. Be2 $5 {Over the board I thought that move was quite dubious, but it
isn't.} (11. cxd5 Re8+ (11... Qe8+ $5 12. Be2 Ne4 13. Nb5 f5 $13) 12. Be2 Na6
13. O-O Nc5 $13) (11. Nxd5 $6 {(one of the ideas of taking early on d5)} g5 12.
Bg3 Re8+ 13. Be2 Nxd5 14. cxd5 (14. Bxd6 Qf6 $15) 14... Qe7 $15) 11... Be7 12.
O-O (12. cxd5 $6 {does not work:} Nxd5 13. Nxd5 Bxh4 14. Nxh4 Qxh4 15. Nc7 $2
Bxg2 $19) 12... dxc4 13. Bxc4 Nc6 $5 (13... d5 {was my initial idea but after}
14. Ba2 {White has sufficient compensation, let's say to make an easy draw.})
14. Re1 d6 15. Ba2 (15. Nd4 Nxd4 16. Qxd4 d5 (16... Bc6 $5 17. Rad1 Qd7 {
is also playable, but White is not worse.}) 17. Bb3 Rc8 18. Rad1 $11) 15... Nh5
$5 16. Bxe7 $6 (16. Qa4 Bxh4 17. Qxh4 {would give White sufficient
compensations, since after} Qxh4 18. Nxh4 {the knight would soon come to f5.})
({I spent most of my time looking at} 16. Rxe7 $6 {but it does not work:} Nxe7
17. Nd4 Nf4 $8 18. Nf5 Nfg6 $8 19. Qg4 Bc8 $8 20. Nxe7+ Qxe7 $8 21. Bxe7 Bxg4
22. Bxf8 Kxf8 $15) 16... Nxe7 17. Nh4 (17. Nd4 Nf4 $15) 17... Nf6 (17... Nf4 $6
18. Qg4 $40) 18. Qd3 Qd7 19. Rad1 Rad8 20. Qg3 Rfe8 (20... Nf5 $6 21. Nxf5 Qxf5
22. Re7 $132) 21. h3 $6 (21. Bb1 d5 $15) 21... g5 $1 $17 {A weird but
extremely strong move: ...Kf8 cannot be avoided and all of a sudden White has
problems with his pieces.} 22. Re3 $6 (22. Bb1 Kf8 23. Nf3 Nh5 $17) (22. f4 $2
Nh5 $19) 22... Kf8 $1 (22... Nh5 $2 23. Qg4 Qxg4 24. hxg4 Nf6 25. Nf5 {would
give White drawing chances.}) 23. Rf3 Bxf3 (23... Neg8 $5 24. Nf5 Nh5 $19) 24.
Qxf3 gxh4 $6 (24... Kg7 {was a bit difficult to make in time trouble but it
just wins:} 25. Ne4 Nxe4 26. Qxf7+ Kh8 27. Be6 Rf8 $19) 25. Qxf6 Ng6 $1 26. Nb5
$6 (26. Rxd6 $2 Re1+ $19) (26. Nd5 {had to be played but after} Qe6 {followed
by ...Qe5 Black is much better.}) 26... Qe7 27. Qf5 d5 $1 28. Bxd5 Kg7 29. Nc3
Qf6 30. Qg4 Re5 0-1